000 02743cam a22005294i 4500
003 PE-LiUPU
005 20250731173010.0
008 150616s1980 flua r 000 0 spa d
020 _a0899221548
035 _a(Sirsi) a2265
040 _aPE-LiUPU
_bspa
_cPE-LiUPU
_erda
_dPE-LiUPU
_erda
049 _aPRUA
082 0 4 _a270.9
_bG696
_221
100 1 _aGonzáles, Justo L.,
_eautor.
245 1 0 _aY hasta lo último de la tierra :
_buna historia ilustrada del cristianismo: la era de los reformadores.
_n6 /
_cJusto L. González.
264 1 _aMiami :
_bEditorial Caribe,
_c1980.
300 _a219 páginas :
_bilustraciones ;
_c21 centímetros
336 _atext
_2rdacontent
337 _aunmediated
_2rdamedia
338 _avolume
_2rdacarrier
505 0 _aIsabel la Católica -- Martín Lutero: camino hacia la reforma -- La teología de Martín Lutero -- Una década de incertidumbre -- Ulrico Zwinglio y la reforma en Suiza -- El movimiento anabaptista -- Juan Calvino -- La reforma en la Gran Bretaña -- El curso posterior del luteranismo -- La reforma en los Países Bajos -- El protestantismo en Francia -- La reforma católica -- El protestantismo español -- Una edad convulsa.
526 _aSEG42
526 _aSEG41
526 _aSEG40
526 _aSEG39
526 _aP94
526 _aP87
526 _aP86
526 _aP85
526 _aP77
526 _aP76
526 _aP35
650 0 4 _aIglesia
_xHistoria.
910 _ajck
_bjvq
_cjck
942 _2ddc
_cBOOK
949 _a270.9 G69 6
_wDEWEY
_c1
_i19454
_lCCODEBUL1
_mBUL
_p00.00
_r0
_sY
_tBOOK
_u19810828
_xTEOLOGIA
_zUNKNOWN
_0COMPRA
_o.STAFF. Colección General
949 _a270.9 G69 6
_wDEWEY
_c2
_i20099
_lCCODEBUL1
_mBUL
_p00.00
_r0
_sY
_tBOOK
_u2015-04-23
_xTEOLOGIA
_zUNKNOWN
_0COMPRA
_o.STAFF. Colección General
949 _a270.9 G69 6
_wDEWEY
_c3
_i19455
_lCCODEBUL1
_mBUL
_p00.00
_r0
_sY
_tBOOK
_u19810828
_xTEOLOGIA
_zUNKNOWN
_0COMPRA
_o.STAFF. Colección General
994 _aC0
_bPEPRU
596 _a1
999 _a270.9 G69 6
_wDEWEY
_c23244
_i19454
_d23244
_e2017-6-26
_f2021-11-11
_g5
_lCCODEBUL1
_mBUL
_n3
_p20.00
_q8
_r0
_sY
_tBOOK
_u2015-6-16
_xTEOLOGIA
_zUNKNOWN
_0COMPRA
_o.STAFF. Colección Teología
999 _a270.9 G69 6
_wDEWEY
_c2
_i20099
_d2019-6-26
_e2018-9-26
_f2021-11-11
_g5
_lCCODEBUL1
_mBUL
_n4
_p20.00
_q3
_r0
_sY
_tBOOK
_u2015-4-23
_xTEOLOGIA
_zUNKNOWN
_0COMPRA
_o.STAFF. Colección Teología
999 _a270.9 G69 6
_wDEWEY
_c3
_i19455
_d2019-6-25
_e2017-11-17
_f2021-11-11
_g5
_lCCODEBUL1
_mBUL
_n5
_p12.00
_q3
_r0
_sY
_tBOOK
_u2015-6-16
_xTEOLOGIA
_zUNKNOWN
_0COMPRA
_o.STAFF. Colección Teología
980 _81
_gALBERTO SANCHEZ Responsable de Automatización